| 000 | 01061nam0a2200313 4500 | ||
|---|---|---|---|
| 001 | RU\NLR\bibl\601650 | ||
| 005 | 20250610142412.0 | ||
| 010 |
_a5-89769-072-3 _95000 |
||
| 021 |
_aRU _b2004-70055 _93451 |
||
| 035 | _a(NLR Aleph) 000593587 | ||
| 090 |
_a1728545 _c1728545 |
||
| 100 | _a20050126d2005 |||y0rusy50 ca | ||
| 101 | 0 | _arus | |
| 102 | _aRU | ||
| 105 | _ay ||||||||| | ||
| 200 | 1 |
_a50 мини-сочинений _e1 кл. _e[Пособие для нач. кл.] _fС.А. Есенина |
|
| 210 |
_aМ. _cГрамотей _d2005 |
||
| 215 |
_a44 с. _d21 |
||
| 532 | 1 | 1 |
_aПятьдесят мини-сочинений _zrus |
| 606 | 0 |
_aШкольные сочинения _xОбучение _xНачальная школа _91982477 _3RU\NLR\auth\661195579 |
|
| 686 | _aЧ491.71 | ||
| 686 | _aЧ426.131(2)53-254.15 | ||
| 700 | 1 |
_aЕсенина _bС. А. _gСветлана Александровна _4070 |
|
| 801 | 0 |
_aRU _bNLR _c20050126 _gPSBO |
|
| 801 | 1 |
_aRU _bNLR _c20050126 |
|
| 942 | _cBOOK | ||
| 980 | _aNB | ||